Black Ops 3 Maps - Statistics

General Stats
  • This quiz has been taken 725 times
    347 since last reset
  • The average score is 9 of 21
Answer Stats
Answer % Correct
Nuk3Town
90%
Combine
73%
Fringe
71%
Redwood
66%
Hunted
58%
Aquarium
54%
Stronghold
54%
Evac
53%
Infection
47%
Breach
46%
Exodus
45%
Havoc
42%
Metro
40%
Skyjacked
36%
Splash
32%
Gauntlet
16%
Rise
16%
Rift
10%
Spire
10%
Knockout
7%
Verge
6%
No matching quizzes found
Score Distribution
Percent of People with Each Score
Percentile by Number Answered
Your Score History
You have not taken this quiz since the last reset